Statistics for 西武百貨店の店舗

Click here to take the quiz!

General Stats

  • This quiz has been taken 12 times
  • The average score is 22 of 35

Answer Stats

Answer% Correct
現行店舗池袋本店
100%
現行店舗所沢S.C.
90%
現行店舗渋谷店
80%
現行店舗福井店
80%
現行店舗秋田店
80%
そごう・西武時代に閉店大津店
80%
旧西武百貨店時代に閉店八王子店
80%
そごう・西武時代に閉店船橋店
80%
旧西武百貨店時代に閉店静岡店
80%
そごう・西武時代に閉店札幌店
80%
そごう・西武時代に閉店旭川店
80%
旧西武百貨店時代に閉店宇都宮店
80%
旧西武百貨店時代に閉店富山店
70%
旧西武百貨店時代に閉店大宮店
70%
そごう・西武時代に閉店岡崎店
70%
旧西武百貨店時代に閉店浜松店
70%
そごう・西武時代に閉店高槻店
70%
旧西武百貨店時代に閉店高知店
70%
現行店舗東戸塚S.C.
70%
旧西武百貨店時代に閉店函館店
60%
そごう・西武時代に閉店小田原店
60%
旧西武百貨店時代に閉店神戸店
60%
旧西武百貨店時代に閉店豊橋店
60%
そごう・西武時代に閉店沼津店
50%
旧西武百貨店時代に閉店小松店
50%
そごう・西武時代に閉店春日部店
50%
旧西武百貨店時代に閉店川崎店
50%
そごう・西武時代に閉店有楽町店
50%
旧西武百貨店時代に閉店軽井沢店
40%
旧西武百貨店時代に閉店市川店
40%
そごう・西武時代に閉店八尾店
40%
そごう・西武時代に閉店筑波店
40%
旧西武百貨店時代に閉店鎌倉店
30%
旧西武百貨店時代に閉店心斎橋店
20%
旧西武百貨店時代に閉店塚新店
20%

Score Distribution

Percentile by Number Answered

Percent of People with Each Score

Your Score History

You have not taken this quiz